00678nam a22001697a 450000500170000001000590001702000260007603500170010203700090011908200080012810000170013624501640015326000420031727001000035930000270045970000220048620230130105329.0 aB-747255-266 E.N.A./7.11.22 a9789352533190c365.00 aB-747255-266 bAKPD a000 aKhurana, KJS00aNumerical ability 18 days wonder :cby KJS Khurana [and] R Markandayba day-to-day result oriented fully solved course for sure succes in competitive exams / / aNew DelhibS. Chand and Companyc2022 aBlock B-1, House No.D-1, Ground Floor, Mohan Co-operative Industrial Estate,bNew Delhie110044 a422p.c24cm(pbk)bill. aMarkanday, Rajeev